000 00731nam a2200229Ii 4500
003 JO-AjNU
005 20240709075408.0
008 230605s9999||||xx |||||||||||||| ||und||
017 _a2002/12/2971
040 _aJO-AjNU
_bara
_erda
_cJO-AjNU
041 _aara
050 1 4 _aPJ6131.D5342 2003
100 3 _aتأليف الدهون،ابراهيم مصطفى,
_eauthor
_917762
245 0 0 _aالمرجع في القواعد والإعراب
264 3 1 _aإربد: دار الكتاب الثقافي،2003
300 _a233ص
336 _atext
_btxt
_2rdacontent
337 _aunmediated
_bn
_2rdamedia
338 _avolume
_bnc
_2rdacarrier
650 4 _aاللغة العربية-قواعد اللغة
_917763
942 _2lcc
_cBK
999 _c9124
_d9124